000 00645nam a2200229Ia 4500
003 OSt
005 20220928124311.0
006 a|||||r|||| 00| 0
007 ta
008 220927b |||||||| |||| 00| 0 eng d
024 _a36001
037 _cTextual
040 _aSDCL
_cSDCL
_beng
041 _2eng
_aeng
082 _aX9(J).58'N3, H9
100 _aJasny Naum
_9464259
245 0 _aSocialized agriculture of the USSR
_b Plans and performance
260 _aStanford
_bStanford University Press
_c1949
300 _axv,837p
_ccm.
942 _hX9(J).58'N3, H9
_cTEXL
_2CC
999 _c777147
_d777147